00942nam a22002055i 4500001000700000003000900007005001700016008004100033040002000074100004800094245008500142260008700227300002100314500008000335596002600415752002500441852012200466999001900588952012900607164046ES-MaACL20250915063059.0021008s1894 sp |||| | cat d aCAM bspa cCAM1 aRovira y Serra, Manuel, d1865-1929913212910aCarlos I b: comedia en un acte y en prosa / coriginal de Manel Rovira y Serra. aBarcelona : b[Arxiu de Joan Molas y Casas], c1894 (fImprempta de Henrich y cª) a44 p. ; c21 cm. aEstrenada en el Teatro Romea de Barcelona el día 24 de noviembre de 1893. aEd. tomado de la cub. aMadrid - dBarcelona aES-MaACLjG-3518(5) z-- Enc. tela roja con hierros dorados, falto de la cub. original z-- Enc. en un vol. facticio. c164046d164046 001040708LIBXIXaATENEOMbATENEOMcDEPO2d2008-01-17eSSCl0oG-3518(5)p1171929r2023-02-23 00:00:00w2023-02-23yMONANT